000 00868nam a2200229 a 4500
001 BRCA_8801
005 20190320210422.0
008 190417s1788----sp-#######---#000-0#spa-#
041 _aspa
044 _asp
084 _aBE182
_b.E23 1788
100 1 _aEcharri, Francisco (O.F.M.)
_921665
245 1 0 _aDirectorio moral
_cdel reverendo oadre Fr. Francisco Echarri; tercera vez ilustrado, con adiciones por vía de notas, y exactamente corregido por Don Francisco Girón y Serrado; tomo segundo.
260 _aMadrid
_bEn la Imprenta Real
_c1788
300 _aIV, 594 p. (t.2)
_c21 x 14.6 cm.
500 _aCon las licencias necesarias
500 _aEstado físico: presenta encuadernación en pergamino con cintas
650 1 4 _aTeología moral
_yObras anteriores a 1800
_921355
700 1 _aGiron y Serrado, Francisco
_921905
902 _aCFM
942 _2lcc
_cB
999 _c8452
_d8452